000 00643nam a2200205 i 4500
001 bgj
100 1 _aGARTON-SPRENGER, Judy
245 1 0 _aInspiration :
_bpodręcznik dla gimnazjum : student's book : elementary /
_cJudy Garton-Sprenger, Philip Prowse.
260 _aWarszawa :
_bMacmillan Polska,
_c2005.
300 _a131 pp :
_bill. ;
_c30 cm.
650 9 _aEnglish language
_xSecondary schools
_xA2
_xB1
655 _aTextbooks for foreigners
700 1 _aPROWSE, Philip.
_eco-author
020 _a8389162105
040 _cBPK
041 0 _aeng
920 _a83-89162-10-5
942 _cKS
008 s uk f |000 0 eng
999 _c49046
_d49046